لاہورکی ياديں (Record no. 608130)
[ view plain ]
| 000 -LEADER | |
|---|---|
| fixed length control field | 00618nam a2200205 a 4500 |
| 003 - CONTROL NUMBER IDENTIFIER | |
| control field | OSt |
| 005 - DATE AND TIME OF LATEST TRANSACTION | |
| control field | 20240226095658.0 |
| 008 - FIXED-LENGTH DATA ELEMENTS--GENERAL INFORMATION | |
| fixed length control field | 180222t2010 pk | |||| 000 0 urd d |
| 020 ## - INTERNATIONAL STANDARD BOOK NUMBER | |
| International Standard Book Number | 9789693501926 |
| 040 ## - CATALOGING SOURCE | |
| Transcribing agency | 0 |
| 082 ## - DEWEY DECIMAL CLASSIFICATION NUMBER | |
| Classification number | 954.9143 |
| Author Mark | AHA 2010 |
| 100 1# - MAIN ENTRY--PERSONAL NAME | |
| Personal name | اےحميد |
| 9 (RLIN) | 121284 |
| 245 10 - TITLE STATEMENT | |
| Title | لاہورکی ياديں |
| Statement of responsibility, etc. | A Hameed |
| 246 ## - VARYING FORM OF TITLE | |
| Title proper/short title | Lahore Ki Yadain |
| 260 ## - PUBLICATION, DISTRIBUTION, ETC. | |
| Place of publication, distribution, etc. | Lahore: |
| Name of publisher, distributor, etc. | Sang e Meel Pub; |
| Date of publication, distribution, etc. | 2010. |
| 300 ## - PHYSICAL DESCRIPTION | |
| Extent | 393 p. |
| 650 ## - SUBJECT ADDED ENTRY--TOPICAL TERM | |
| Topical term or geographic name entry element | Pakistan |
| General subdivision | History |
| Chronological subdivision | Culture |
| 9 (RLIN) | 121285 |
| 942 ## - ADDED ENTRY ELEMENTS (KOHA) | |
| Source of classification or shelving scheme | |
| Koha item type | Book |
| Institution code [OBSOLETE] | SADA |
| Call number prefix | 954.9143 AHA 2010 |
| Withdrawn status | Lost status | Source of classification or shelving scheme | Damaged status | Not for loan | Permanent Location | Current Location | Date acquired | Source of acquisition | Total Checkouts | Full call number | Barcode | Date last seen | Cost, replacement price | Price effective from | Koha item type |
|---|---|---|---|---|---|---|---|---|---|---|---|---|---|---|---|
| School of Art Design and Architecture (SADA) | School of Art Design and Architecture (SADA) | 02/09/2018 | Donation | 954.9143 AHA 2010 | SADAD0000243 | 02/26/2024 | 560.00 | 02/26/2024 | Book |
